Pays ayant la plus faible espérance de vie hors Afrique - Statistiques

Statistiques générales
  • Ce quiz a été pris 494 fois
  • Le résultat moyen est 9 sur 16
Statistiques - réponses
Années Continent Pays % Correct
68.2 Asie Inde
79%
54,4 Asie Afghanistan
77%
70,3 Asie Pakistan
76%
65,6 Amérique du Nord Haiti
67%
69 Asie Laos
63%
68.6 Oceanie Nauru
61%
70,5 Europe Ukraine
58%
68.2 Asie Yemen
58%
69 Oceanie Tuvalu
56%
70.3 Asie Birmanie
54%
70,1 Oceanie Papouasie-Nouvelle-Guinée
52%
68.5 Oceanie Kiribati
51%
68.9 Amérique du Sud Pérou
48%
70,8 Asie Philippines
47%
70,1 Europe Moldavie
45%
70,5 Asie Timor oriental
38%
Aucun quiz correspondant
Distribution des résultats
% des personnes avec chaque résultat
Percentile par nombre de réponses
Votre historique - résultats
Vous n’avez pas pris ce quiz